| 000 | 00974cab a2200265 4500 | ||
|---|---|---|---|
| 001 | WB3430-32 | ||
| 008 | 090401t1998 xxu||||| |||| 00| 0 eng d | ||
| 035 | _a(Sirsi) u87790 | ||
| 041 | _aeng | ||
| 245 | _aLeave it to the expert | ||
| 260 | _c1998 | ||
| 350 | _a0 | ||
| 490 |
_aEstates Gazette _v(9831) 1 August 1998, 95(1) |
||
| 520 | _aDiscusses two recent court rulings that have reopened the debate on the role of the court in cases where the parties have contractually agreed to have any dispute referred to an expert. | ||
| 650 |
_aEXPERT WITNESS _96239 |
||
| 650 | _aJONES V SHERWOOD COMPUTER SERVICES | ||
| 650 | _aMERCURY COMMUNICATIONS LTD V DIRECTOR GENERAL OF TELECOMMUNICATIONS | ||
| 650 | _aNATIONAL GRID COMPANY PLC V M25 GROUP LTD | ||
| 650 | _aNIKKO HOTELS (UK) LTD V MEPC PLC | ||
| 650 | _aPOSTEL PROPERTIES LTD V GREENWELL | ||
| 650 | _aRENT REVIEWS | ||
| 690 | _aLANDLORD AND TENANT-RENT REVIEWS | ||
| 942 | _n0 | ||
| 948 | _c04/08/1998 | ||
| 999 |
_c55396 _d55396 |
||